Music Quiz

Random Music Quiz

VMA Best Dance Video Nominees Quiz Stats

 Plays Quiz not verified by Sporcle

Score 0/120 Timer 15:00
0 Plays Today
Year Artist % Correct
1990Madonna
99%
1992Madonna
99%
1995Madonna
99%
1998Madonna
99%
2006Madonna
99%
2008Madonna (feat. Justin Timberlake & Timbaland)
99%
2000Britney Spears
97.6%
2001Christina Aguilera, Lil' Kim, Mýa & Pink
97.6%
2002Shakira
97.6%
2002Britney Spears
97.6%
2004Britney Spears
97.6%
2005Shakira (featuring Alejandro Sanz)
97.6%
2006Shakira (featuring Wyclef Jean)
97.6%
2010LADY GAGA
97.6%
1989Michael Jackson
96.9%
1995MICHAEL JACKSON AND JANET JACKSON
96.9%
1990Janet Jackson
96.2%
1993Janet Jackson
96.2%
1994Janet Jackson
96.2%
1998Janet Jackson
96.2%
2001Janet Jackson
96.2%
1999RICKY MARTIN
95.8%
2000Ricky Martin
95.8%
2002PINK
95.5%
2000*NSYNC
95.2%
2001*NSYNC
95.2%
1997SPICE GIRLS
94.5%
1990MC HAMMER
93.8%
1998Backstreet Boys
93.4%
2004USHER (FEAT. LUDACRIS & LIL JON)
93.4%
2010Usher (featuring will.i.am)
93.4%
2003Christina Aguilera (feat. Redman)
92.4%
2006Nelly Furtado (feat. Timbaland)
90.7%
1999Jennifer Lopez
89.3%
2000JENNIFER LOPEZ
89.3%
2001Jennifer Lopez
89.3%
2003Jennifer Lopez
89.3%
2005Jennifer Lopez
89.3%
1999Cher
88.9%
1989PAULA ABDUL
88.6%
Year Artist % Correct
1990Paula Abdul
88.6%
1995Paula Abdul
88.6%
2003JUSTIN TIMBERLAKE
87.5%
1998Will Smith
85.1%
2002Kylie Minogue
85.1%
1992En Vogue
84.1%
1993EN VOGUE
84.1%
1994En Vogue
84.1%
2000Sisqó
82.7%
2003Sean Paul
82%
2006PUSSYCAT DOLLS (FEAT. SNOOP DOGG)
82%
2006Sean Paul
82%
2008PUSSYCAT DOLLS
82%
1999Fatboy Slim
81.3%
2001Fatboy Slim
81.3%
2005Ciara (featuring Missy Elliott)
79.2%
1994SALT-N-PEPA (FEAT. EN VOGUE)
78.9%
1995Salt-n-Pepa
78.9%
2018Calvin Harris & Dua Lipa
77%
1991C+C MUSIC FACTORY
76.8%
1995C+C Music Factory
76.8%
2004Beyoncé
75.1%
2008Chris Brown
74.4%
2018David Guetta & Sia
73.8%
2017Calvin Harris
72.9%
1997The Prodigy
72.7%
1998THE PRODIGY
72.7%
2004Missy Elliott
72.7%
2005MISSY ELLIOTT (FEAT. CIARA & FATMAN SCOOP)
72.7%
2004Black Eyed Peas
72.3%
1992Marky Mark and the Funky Bunch
72%
2016CALVIN HARRIS & DISCIPLES
71.7%
2018AVICII (FEAT. RITA ORA)
70.5%
2014DJ Snake & Lil Jon
70.4%
1991Deee-Lite
70.2%
1989Bobby Brown
69.2%
2016Mike Posner
68.5%
2014Calvin Harris
68.3%
1991EMF
68.2%
2012CALVIN HARRIS
67.3%
Year Artist % Correct
2018Zedd & Liam Payne
67.2%
2017ZEDD & ALESSIA CARA
67.1%
2005Destiny's Child
66.4%
2017Kygo x Selena Gomez
65.9%
2018The Chainsmokers
65.6%
1995Montell Jordan
64.7%
2010David Guetta (featuring Akon)
64%
2003Mýa
63.7%
1992PRINCE AND THE NEW POWER GENERATION
60.6%
2008Ne-Yo
60.6%
2016The Chainsmokers (featuring Daya)
59.1%
2010Cascada
57.8%
2017Major Lazer (featuring Justin Bieber & MØ)
57.6%
1996George Michael
57.1%
1997The Chemical Brothers
55.4%
2012Avicii
55.2%
2010Enrique Iglesias (featuring Pitbull)
54.7%
2008Danity Kane
51.9%
1993RuPaul
51.2%
2018Marshmello (featuring Khalid)
50.8%
1996COOLIO
49.8%
2014ZEDD (FEAT. HAYLEY WILLIAMS)
49.7%
2017Afrojack (featuring Ty Dolla Sign)
49.4%
1996Everything but the Girl
49.1%
1996La Bouche
46.7%
2002Dirty Vegas
46.7%
2014Martin Garrix
41.2%
1994Crystal Waters
41.2%
1993Stereo MCs
39.8%
1994Us3
39.1%
2012Skrillex
38.7%
2016Afrojack
37.8%
1999Jordan Knight
37.7%
1989Jody Watley
33.6%
2012Duck Sauce
32.7%
1997Freak Nasty
31.8%
201699 Souls (featuring Brandy & Destiny's Child)
30.7%
2014Disclosure
25.6%
2012Martin Solveig
22.6%
1991Bingoboys
19%

You're not logged in!

Compare scores with friends on all Sporcle quizzes.
OR
Log In

Sporcle TV

Today on Sporcle TV


Watch our educational content, quiz creation guides, and fun videos on Sporcle TV.

Show Comments

Extras

Top Quizzes Today


Score Distribution

Your Account Isn't Verified!

In order to create a playlist on Sporcle, you need to verify the email address you used during registration. Go to your Sporcle Settings to finish the process.

Report this User

Report this user for behavior that violates our Community Guidelines.

Details: